Language Quiz

Random Language or Animal Quiz

Animales Quiz Stats

 Plays Quiz not verified by Sporcle

Challenge
Share
Tweet
Embed
Score 0/21 Timer 05:00
0 Plays Today
Animal Animal % Correct
gatocat
96.9%
perrodog
96.8%
oso polarpolar bear
93.7%
leopardleopard
85.5%
pezfish
84.4%
serpientesnake
83.2%
delfíndolphin
81.6%
elefanteelephant
81.5%
dinosauriodinosaur
76.7%
caballohorse
74.2%
burrodonkey
73.3%
Animal Animal % Correct
burrodonkey
73.1%
vacacow
72.8%
pájarobird
72.6%
tiburónshark
64.6%
conejorabbit
58.4%
águilaeagle
47.8%
marmotagroundhog
45.9%
perezososloth
45.6%
castorbeaver
45.4%
pizotecoati
35.5%

You're not logged in!

Compare scores with friends on all Sporcle quizzes.
Join for Free
OR
Log In

You Might Also Like...

Show Comments

Extras

Created Feb 13, 2012ReportFavoriteNominate
Tags:Animal Quiz

Top Quizzes Today


Score Distribution

Your Account Isn't Verified!

In order to create a playlist on Sporcle, you need to verify the email address you used during registration. Go to your Sporcle Settings to finish the process.

Report this User

Report this user for behavior that violates our Community Guidelines.

Details: